| 000 | 00940aam a2200301 i 4500 | ||
|---|---|---|---|
| 001 | 768714001 | ||
| 003 | CO-MdFUSB | ||
| 005 | 20210906091308.0 | ||
| 007 | ta | ||
| 008 | 210904t1962 ag aco|| |||| 00| 0 eng d | ||
| 020 | _a[No incluye ISBN] | ||
| 040 |
_bspa. _aCO-MdFUSB _cCO-MdFUSB _dCO-MdFUSBC _erda |
||
| 041 | _aspa | ||
| 082 | 0 | 4 |
_aR 903 _bE5617e |
| 245 | 1 | 0 |
_aEnciclopedia de la antigüedad _c/ |
| 260 | _aBuenos Aires, Argentina : Ateneo | ||
| 264 | 1 |
_aBuenos Aires, Argentina : _bEl Ateneo, _c[1972] |
|
| 264 | 4 | _c© 1972 | |
| 300 |
_a870 Pag. _c; |
||
| 336 |
_2rdacontent _atexto _btxt |
||
| 337 |
_2rdamedia _asin mediación _bn |
||
| 338 |
_2rdacarrier _avolumen _bnc |
||
| 505 | _aVol. 1 : Las grandes civilizaciones de la Antigüedad, Diccionario de la Antigüedad (A-E). Vol. 2 : Diccionario de la Antigüedad (F-Z). | ||
| 653 | _aEnciclopedia | ||
| 653 | _aAntigüedad | ||
| 942 | _cBK | ||
| 945 | _aEstudiante | ||
| 999 |
_c31925 _d31925 |
||